000 01030nam a22003137a 4500
001 7229
003 FISKH
005 20250703101839.0
008 250703b cb ||||| |||| 00| 0 eng d
020 _a9780679830542
040 _aFISKH
_beng
_cFISKH
_dFISKH
050 _aSF429.S3 H35
082 _a636.73
100 _aHall, Lynn
_d(1937–2023)
245 _aBarry the bravest Saint Bernard /
_cBy Lynn Hall ; Illustrated by Antoio Castro /
250 _aThis edition first published in 1992
260 _aCanada :
_bRandom House,
_c1973
300 _a46 pages :
_bcolor illustrations ;
_c23 cm
490 _aStep into reading
_vGrades 2-4
505 _aN
520 _aRelates the feats of Barry, the St. Bernard dog whose name, to this day, honors the best dog at the St. Bernard Monastery.
521 8 _a550
_bLexile
521 8 _aN
_bRaz-Plus
650 _2Animals
_aSwitzerland
650 _2Dog
_aHistorical fiction
700 _aCastro, Antonio
_dillustrator
942 _2ddc
_cBK
_n0
999 _c7229
_d7229